| 000 | 00844nam a2200241 i 4500 | ||
|---|---|---|---|
| 001 | 157615 | ||
| 003 | ES-MaACL | ||
| 005 | 20250825063339.0 | ||
| 008 | 040902q1890 sp |r 00| f spa d | ||
| 040 |
_aCAM _bspa _cCAM |
||
| 080 | _a821.133.1-31"18" | ||
| 100 | 1 |
_aLétang, Louis, _d1855-1938 _eaut _9129185 |
|
| 245 | 1 | 3 |
_aEl rey de París / _cLuis Létang ; versión castellana de Pedro Sánchez-Marín |
| 250 | _a2ª ed. | ||
| 260 |
_aMadrid : _bLa España Editorial, _c[ca. 1890] _f(Imprenta de J. Cruzado) |
||
| 300 |
_a329 páginas ; _c19 cm |
||
| 655 | 4 |
_aNovelas _9234319 |
|
| 700 | 1 | 1 |
_aSánchez-Marín, Pedro _etrl _9133052 |
| 852 | 4 |
_aES-MaACL _cSVI _hLegado M. de la Fuente _jD-3019 _xHolandesa, conservando cub. original |
|
| 942 |
_cMONANT _n0 |
||
| 999 |
_c157615 _d157615 |
||